Open Data Biblioteca Nacional de Portugal


República Portuguesa: Ministério da Cultura
Biblioteca Nacional de Portugal

Catálogo da BNP: acesso por Identificadores Unívocos
Registos Bibliográficos associados ao registo de autoridade

Etiqueta de registo: 00000nkm 2200025 450
001 2276416
003 http://id.bnportugal.gov.pt/bib/catbnp/2276416
100 ## $a20260305d1994 m y0pory01030103ba
101 0# $apor$aeng
102 ## $aPT
200 1# $a5ª Exposição Nacional de Produtos de Metalurgia e Metalomecânica, 2-6 novembro 1994$bVisual gráfico]$fAssociação Industrial Portuense$gdesign João Machado$gMarcas - Artes Gráficas
210 #9 $a[Porto]$cAssociação Industrial Portuense,$d1994
215 ## $a1 cartaz$ccolor.$d68x48,1 cm
317 ## $aColeção Madeira Luís
702 #1 $aMachado,$bJoão$4410$31986993
710 01 $aExposição Nacional de Produtos de Metalurgia e Metalomecânica,$d5,$e[Porto],$f1994$31993518
712 02 $aAssociação Industrial Portuense$3151
712 01 $aEXPONOR.$bDivisão de Feiras e Exposições$31989153
801 #0 $aPT$bBN$gRPC
966 ## $lBN$mICONOG$sCT. 23512 A.$x3
971 ## $cCaticonografia7$d20260305
995 ## $aPRR2026

OpendataBNP@bnportugal.pt | Mais informação sobre acesso aos dados BNP